000 00482nam a22001817a 4500
003 OSt
005 20160209185857.0
008 160209b xxu||||| |||| 00| 0 eng d
020 _a0421842806
040 _cDDC.
082 _a026.34COM 2004.
245 _aThe common Law of Library.
_bChitty on Contracts.
260 _aAustraria.
_bThomson Sweet &maxwell.
_c2004
300 _acccxlix,1967p
_bill;
_c24cm
504 _aincludes index.
650 _aLaw.
_96699
942 _2ddc
_cSLOAN
999 _c3015
_d3015